000
00418nam a2200145Ia 4500
008
100204s9999 xx 000 0 und d
082
_b
10787
100
_a
नाईक गुरुनाथ
245
_a
सुंदरी
260
_b
"पूजा प्रकाशन , मुंबई 14"
_c
1988
300
_a
150
630
_a
सुंदरी
730
_a
सुंदरी
942
_c
BOOK
999
_c
455223
_d
455220